01389cam a22002777a 4500001000500000005001700005020001800022040004700040050002200087082001100109100001600120245004800136250004100184260003400225300004300259490004000302505000800342520057000350521002000920521002000940650004400960650002901004650003401033650002401067650002001091268820240111133419.0 a9780545289368 aBTCTAbengcBTCTAdBKXdZACdWL8dGO3dDLC00aPZ7.S86037b 201104a813.541 aStine, R. L14aThe five masks of Dr. Screem /cR.L. Stine. aFirst Scholastic printing, July 2011 aNew York :bScholastic,c2011 a173 p.ages : c20 cm.billustration ; 1 aGoosebumps Hall of Horror ;vBook 3 aG  a"Monica Anderson thinks her biggest problem is taking her karate-chopping younger brother, Peter, trick-or-treating on Halloween. But she is wrong. After knocking on the door of an old, creepy house the kids are met by a strange woman pleading for their help. The evil Dr. Screem is after five horribly ugly ancient masks. These artifacts have the power to manipulate the world around them. Monica and Peter don't want to help, but they must retrieve the masks and defeat Screem. Unfortunately, nothing on Halloween is what it appears to be...." -- P. [4] of cover.0 a400 bLexile 1 aG bRaz-Plus  0aBrothers and sistersvJuvenile fiction. 0aMasksvJuvenile fiction. 0aPhysiciansvJuvenile fiction. 0aParanormal fiction. 1aHorror stories.